Квантовая природа вещества

Xehetasun bibliografikoak
Egile nagusia: Делоне Н. Б. Николай Борисович
Gaia:В начале XX века в физике, имевшей уже к тому времени возраст около двух тысячелетий, возникло новое направление — квантовая физика. Это была физика микромира, т. е. наука о свойствах тех элементарных частиц, из которых состоит на микроскопическом уровне любое макроскопическое вещество. Квантовая физика качественно отличается своими основными постулатами и законами от физики вещества, находящегося в макроскопических состояниях, — от классической физики и классического естествознания. Это различие квантовой и классической физики объективно отражает различие физических свойств вещества, проявляющихся на микроскопическом и макроскопическом уровнях исследования. Сейча"с, в начале XXI века, квантовая физика доминирует среди других разделов физики по значению получаемых новых результатов как для науки в целом, так и для современных техники и технологий. Поэтому ознакомление с основами квантовой физики необходимо любому молодому человеку, оканчивающему среднюю школу, или начинающему Студенту, если он собирается посвятить свою жизнь физике, астрофизике, химии, электронике или современной технике.
Hizkuntza:errusiera
Argitaratua: Москва, Физматлит, 2008
Saila:Библиотека физико-математической литературы для школьников и студентов
Gaiak:
Formatua: MixedMaterials Liburua
KOHA link:https://koha.lib.tpu.ru/cgi-bin/koha/opac-detail.pl?biblionumber=152469

MARC

LEADER 00000nam0a2200000 4500
001 152469
005 20231101221625.0
010 |a 9785922108676 
035 |a (RuTPU)RU\TPU\book\165303 
090 |a 152469 
100 |a 20090202d2008 m y0rusy50 ca 
101 0 |a rus 
102 |a RU 
105 |a a j 001zy 
200 1 |a Квантовая природа вещества  |f Н. Б. Делоне 
210 |a Москва  |c Физматлит  |d 2008 
215 |a 208 с.  |c ил. 
225 1 |a Библиотека физико-математической литературы для школьников и студентов 
320 |a Библиогр.: с. 187-188. 
330 |a В начале XX века в физике, имевшей уже к тому времени возраст около двух тысячелетий, возникло новое направление — квантовая физика. Это была физика микромира, т. е. наука о свойствах тех элементарных частиц, из которых состоит на микроскопическом уровне любое макроскопическое вещество. Квантовая физика качественно отличается своими основными постулатами и законами от физики вещества, находящегося в макроскопических состояниях, — от классической физики и классического естествознания. Это различие квантовой и классической физики объективно отражает различие физических свойств вещества, проявляющихся на микроскопическом и макроскопическом уровнях исследования. Сейча"с, в начале XXI века, квантовая физика доминирует среди других разделов физики по значению получаемых новых результатов как для науки в целом, так и для современных техники и технологий. Поэтому ознакомление с основами квантовой физики необходимо любому молодому человеку, оканчивающему среднюю школу, или начинающему Студенту, если он собирается посвятить свою жизнь физике, астрофизике, химии, электронике или современной технике. 
606 1 |a Квантовая физика  |2 stltpush  |3 (RuTPU)RU\TPU\subj\42126  |9 61861 
610 1 |a кванты 
610 1 |a фотоны 
610 1 |a волновые свойства 
610 1 |a корпускулярно-волновой дуализм 
610 1 |a принцип неопределенности Гейзенберга 
610 1 |a квантовая механика 
610 1 |a вещество 
610 1 |a квантовые свойства 
610 1 |a молекулы 
610 1 |a газы 
610 1 |a жидкости 
610 1 |a кристаллы 
610 1 |a проводники 
610 1 |a полупроводники 
610 1 |a изоляторы 
675 |a 530.145.6  |v 3 
700 1 |a Делоне  |b Н. Б.  |g Николай Борисович 
801 1 |a RU  |b 63413507  |c 20090202  |g PSBO 
801 2 |a RU  |b 63413507  |c 20150526  |g RCR 
942 |c BK 
959 |a 14/20090130  |d 2  |e 159,50  |f ЧЗТЛ:1  |f АНЛ:1